Lehká atletika žactva /

Hlavní autor: Choutková-Cvrková, Božena, 1919-
Další autoři: Merhautová, Jarmila, 1926-
Jazyk: Čeština
Vydáno: Praha : Sportovní a turistické nakladatelství, 1961
Vydání: 1. vyd.
Témata:
Fyzický popis: 104 s., tab. příl.
Knihy
Uloženo v:
LEADER 01078nam a22002652a 4500
001 000324749
003 CZ BrMZK
005 20091012172626.0
007 ta
008 980107s1961 xr f cze d
015 |a cnb000612099 
035 |a (OCoLC)85466760 
040 |a BOA001  |b cze 
100 1 |a Choutková-Cvrková, Božena,  |d 1919-  |7 jk01050325  |4 aut 
245 1 0 |a Lehká atletika žactva /  |c Božena Choutková-Cvrková, Jarmila Merhautová 
250 |a 1. vyd. 
260 |a Praha :  |b Sportovní a turistické nakladatelství,  |c 1961 
300 |a 104 s., tab. příl. 
700 1 |a Merhautová, Jarmila,  |d 1926-  |7 jk01081283  |4 aut 
910 |a BOA001  |b PK-A-0007.390  |b 1-0463.031 
964 |a Atletika lehká - žáci - metodiky - příručky 
990 |a BK 
996 6 |b 2619283204  |c 1-0463.031  |l MZK  |r Sklad / do 1 hodiny  |n 0  |w 000324749  |u 000060  |a 1  |e BOA001  |j MZK50  |s P 
996 7 |b 3119654995  |c PK-A-0007.390  |l MZK  |r Sklad / do 1 hodiny  |n 1  |w 000324749  |u 000020  |a 1  |e BOA001  |j MZK50  |s A 
996 7 |b 3119928368  |c PK-A-0007.390  |l MZK  |r Sklad / do 1 hodiny  |n 4  |w 000324749  |u 000010  |a 1  |e BOA001  |j MZK50  |s A